<?xml version="1.0" encoding="UTF-8"?>
<record
    xmlns:xsi="http://www.w3.org/2001/XMLSchema-instance"
    xsi:schemaLocation="http://www.loc.gov/MARC21/slim http://www.loc.gov/standards/marcxml/schema/MARC21slim.xsd"
    xmlns="http://www.loc.gov/MARC21/slim">

  <leader>01019nam a2200169Ia 4500</leader>
  <datafield tag="999" ind1=" " ind2=" ">
    <subfield code="c">11069</subfield>
    <subfield code="d">11069</subfield>
  </datafield>
  <datafield tag="082" ind1=" " ind2=" ">
    <subfield code="a">RL 0039</subfield>
  </datafield>
  <datafield tag="100" ind1=" " ind2=" ">
    <subfield code="a">Lahiri, Vimal Kumar</subfield>
    <subfield code="u">Kashi Hindu vishwavidyalaya</subfield>
    <subfield code="v">Varanasi </subfield>
  </datafield>
  <datafield tag="245" ind1=" " ind2="0">
    <subfield code="a">&#x92D;&#x93E;&#x930;&#x924;&#x940;&#x92F;  &#x938;&#x92E;&#x93E;&#x902;&#x91C;  &#x92E;&#x947;&#x902;  &#x935;&#x93F;&#x927;&#x935;&#x93E;&#x913;&#x902;  &#x915;&#x940;  &#x92A;&#x94D;&#x930;&#x938;&#x94D;&#x924;&#x93F;&#x925;&#x93F;  &#x90F;&#x935;&#x902;  &#x92D;&#x942;&#x92E;&#x93F;&#x915;&#x93E; </subfield>
    <subfield code="b">: &#x935;&#x93E;&#x930;&#x93E;&#x923;&#x938;&#x940;  &#x91C;&#x928;&#x92A;&#x926;  &#x92E;&#x947;&#x902;  &#x928;&#x93F;&#x935;&#x93E;&#x938;  &#x915;&#x930;&#x928;&#x947;  &#x935;&#x93E;&#x932;&#x940;  &#x935;&#x93F;&#x927;&#x935;&#x93E;&#x913;&#x902;  &#x92A;&#x930;  &#x906;&#x927;&#x93E;&#x930;&#x93F;&#x924;  &#x90F;&#x915;  &#x938;&#x92E;&#x93E;&#x91C;  &#x935;&#x948;&#x91C;&#x94D;&#x91E;&#x93E;&#x928;&#x93F;&#x915;  &#x905;&#x927;&#x94D;&#x92F;&#x92F;&#x928; </subfield>
  </datafield>
  <datafield tag="246" ind1=" " ind2=" ">
    <subfield code="a">Bharatiya samaj mei vidhvayon ki prastithi evam bhumika: Varanasi janpad mei nivas karne vali vidhvayon par aadharit ek samaj vaigyanik adhyayan</subfield>
  </datafield>
  <datafield tag="260" ind1=" " ind2=" ">
    <subfield code="c">2014</subfield>
    <subfield code="b">Indian Council of Social Science Research</subfield>
    <subfield code="a">New Delhi</subfield>
  </datafield>
  <datafield tag="300" ind1=" " ind2=" ">
    <subfield code="a">306p</subfield>
  </datafield>
  <datafield tag="504" ind1=" " ind2=" ">
    <subfield code="a">includes Bibliography</subfield>
  </datafield>
  <datafield tag="650" ind1=" " ind2=" ">
    <subfield code="a">Prastithi evm Bhumika</subfield>
    <subfield code="z">Vidhvayon</subfield>
  </datafield>
  <datafield tag="650" ind1=" " ind2=" ">
    <subfield code="a">Samaj vaigyanik adhyayan</subfield>
    <subfield code="z">India</subfield>
    <subfield code="z">Uttar Pradesh</subfield>
    <subfield code="z">Varanasi janpad</subfield>
  </datafield>
  <datafield tag="650" ind1=" " ind2=" ">
    <subfield code="a">Bharatiya samaj</subfield>
    <subfield code="v">Vidhvayon</subfield>
  </datafield>
  <datafield tag="942" ind1=" " ind2=" ">
    <subfield code="c">RP</subfield>
    <subfield code="2">ddc</subfield>
  </datafield>
  <datafield tag="952" ind1=" " ind2=" ">
    <subfield code="0">0</subfield>
    <subfield code="1">0</subfield>
    <subfield code="4">0</subfield>
    <subfield code="7">1</subfield>
    <subfield code="8">MRP</subfield>
    <subfield code="a">NASSDOC</subfield>
    <subfield code="b">NASSDOC</subfield>
    <subfield code="d">2017-09-25</subfield>
    <subfield code="e">Gifted by : RP Division, ICSSR</subfield>
    <subfield code="l">0</subfield>
    <subfield code="o">RL 0039</subfield>
    <subfield code="p">49381</subfield>
    <subfield code="r">2019-04-18 00:00:00</subfield>
    <subfield code="w">2019-04-18</subfield>
    <subfield code="y">RP</subfield>
  </datafield>
</record>
